000 00584nam a2200205Ia 4500
003 GCL
008 140319s9999 xx 000 0 ara d
040 _aGCL /
_cGCL
082 0 4 _a811.1
_bن د
100 1 _aعلى قاعود
245 1 0 _aديوان النابغة الزبيانى /
_cعلى قاعود
260 _a[S.N] :
_bدار الفكر العربى ،
_c1993
300 _a140 ص
490 _a
650 0 4 _aالشعر العربى
650 0 4 _aالعصر الجاهلى
650 0 4 _aتاريخ
650 0 4 _aالنابغة الذبيانى
942 _2ddc
_cBK
999 _c44602
_d44602